Hacia una educación infantil no sexista
Sparad:
| Huvudupphovsmän: | , |
|---|---|
| Materialtyp: | Bok |
| Språk: | spanska |
| Publicerad: |
Madrid
Morata
1988
|
| Serie: | Colección Pedagogía. Educación Infantil y Primaria
|
| Ämnen: | |
| Taggar: |
Lägg till en tagg
Inga taggar, Lägg till första taggen!
|
MARC
| LEADER | 00000nam a2200000 a 4500 | ||
|---|---|---|---|
| 001 | UCO4811 | ||
| 003 | CL-VaPUC | ||
| 008 | 000817e19880000SP |||||||||||||||||spa|d | ||
| 082 | 0 | 4 | |a 370.115 |b BRO |2 21 |
| 100 | 0 | |a Browne, Naima |e author |9 449459 | |
| 700 | 0 | |a France, Pauline |e author |9 449460 | |
| 245 | 1 | 0 | |a Hacia una educación infantil no sexista |
| 300 | |a 190 p | ||
| 942 | |c BK | ||
| 945 | |d 20000817 00:00:00 |a vberengu | ||
| 260 | |a Madrid |b Morata |c 1988 | ||
| 650 | 0 | |a Discriminación sexual |9 313877 | |
| 650 | 0 | |a Educación básica |9 224933 | |
| 650 | 0 | |a Niños |9 255605 | |
| 650 | 7 | |a PSICOLOGIA DIFERENCIAL |2 CL-VaPUC |9 309027 | |
| 650 | 7 | |a SEXO PSICOLOGIA |2 CL-VaPUC |9 315427 | |
| 583 | |a last modification |c 20000817 00:00:00 |k Rodrigo Vera | ||
| 490 | 0 | |a Colección Pedagogía. Educación Infantil y Primaria | |
| 999 | |c 290802 |d 290800 | ||
| 952 | |0 0 |1 0 |4 0 |6 370_115000000000000_BRO_1988 |7 0 |8 A |9 340381 |a BIBEDU |b BIBEDU |d 2019-11-20 |i 3641996 |o 370.115 BRO 1988 |p 3641996 |r 2019-11-20 |w 2019-11-20 |y BK |k BME | ||